Ipar Special Paper Series (Record no. 3546)

MARC details
000 -LEADER
fixed length control field 00413nam a22001337a 4500
008 - FIXED-LENGTH DATA ELEMENTS--GENERAL INFORMATION
fixed length control field 230704b xxu||||| |||| 00| 0 eng d
020 ## - INTERNATIONAL STANDARD BOOK NUMBER
International Standard Book Number 9966948724
082 ## - DEWEY DECIMAL CLASSIFICATION NUMBER
Classification number 339.523
Item number WAG
100 ## - MAIN ENTRY--PERSONAL NAME
Titles and words associated with a name Mbui Wagacha
245 ## - TITLE STATEMENT
Title Ipar Special Paper Series
Remainder of title SP No 04/2000
Statement of responsibility, etc. review of kenya's Budget and fiscial Strategy:2000/2001
260 ## - PUBLICATION, DISTRIBUTION, ETC. (IMPRINT)
Name of publisher, distributor, etc. Institute of policy Analysis and Research
Date of publication, distribution, etc. 2000
300 ## - PHYSICAL DESCRIPTION
Extent 25p
942 ## - ADDED ENTRY ELEMENTS (KOHA)
Source of classification or shelving scheme Dewey Decimal Classification
Koha item type Books
Holdings
Withdrawn status Lost status Source of classification or shelving scheme Damaged status Not for loan Home library Current library Date acquired Total Checkouts Full call number Barcode Date last seen Price effective from Koha item type
    Dewey Decimal Classification     County Hall Archives County Hall Archives 07/04/2023   339.523 WAG 10012369 07/04/2023 07/04/2023 Books
LIBRARY OPENING HOURS

When the Parliament is sitting: 8.00a.m - 7.00p.m or until the house adjourns
Mondays and Fridays and when the House is on Recess:  8.00a.m - 5.00p.m
Closed on Weekends and Public Holidays

Online Public Access Catalog (OPAC)
Website: http://www.parliament.go.ke
Bunge Library: https://libraryir.parliament.go.ke
Contact: library@parliament.go.ke | Tel no: (254-2)2221291 or 2848000 Ext 5043